| 000 | 00924nac a22003011u 4500 | ||
|---|---|---|---|
| 003 | EG-ScBUE | ||
| 005 | 20220829113522.0 | ||
| 008 | 081116t2003 nyua f 00 0 1ng eng d | ||
| 020 | _a0471209066 | ||
| 020 | _a9780471209065 | ||
| 040 |
_aEG-ScBUE _beng _erda _cEG-ScBUE _dEG-ScBUE |
||
| 082 | 0 | 4 |
_a720.284 _bCHI _222 |
| 100 | 1 |
_aChing, Francis D. K., _d1943- _eauthor. _91191 |
|
| 245 | 1 | 0 |
_aArchitectural graphics / _cFrancis D.K. Ching. |
| 250 | _aFourth edition. | ||
| 264 | 1 |
_aNew York, NY : _bJohn Wiley and Sons, Inc., _c[2003] |
|
| 264 | 4 | _cc2003 | |
| 300 |
_aviii, 215 pages : _billustrations ; _c28 cm |
||
| 336 |
_2rdacontent _atext _btxt |
||
| 337 |
_2rdamedia _aunmediated _bn |
||
| 338 |
_2rdacarrier _avolume _bnc |
||
| 500 | _aIncludes index. | ||
| 650 | 7 |
_aArchitectural drawing. _91192 _2BUEsh |
|
| 651 | _2BUEsh | ||
| 653 | _bENGARC | ||
| 655 |
_vReading book _934232 |
||
| 942 |
_cBB _k720.284 CHI _2ddc |
||
| 999 |
_c3067 _d3067 |
||